000 00358nam a2200133Ia 4500
008 190216s9999||||xx |||||||||||||| ||und||
100 _aJanardhan. Pb And Sivasankar
245 0 _aTextbook Of Inorganic Chemistry
250 _a1st Ed.
260 _bOxford And Ibh Publishing Co. Pvt Ltd
_c1978
300 _a809
650 _aChemistry-Chemistry
942 _cBK
999 _c2367
_d2367